000 00992nam a2200289 a 4500
001 000044698
003 DO-SdBNP
005 20230112142609.0
007 ta
008 141218s2012 dr r 000 0 spa d
020 _a9789945443868
040 _aDO-SdBNP
_bspa
_cBNPHU
082 4 _bL258e
_222
100 1 _aLandolfi, Ciriaco
_924264
245 1 0 _aEvolución cultural dominicana (1844-1899) /
_cCiriaco Landolfi Rodríguez.
250 _a2a ed.
260 _aSanto Domingo :
_bBanco Central de la República Dominicana,
_c2012.
300 _a305 p. ;
_c23 cm.
490 1 _aBanco Central de la República Dominicana ;
_v65
490 1 _aCiencias sociales
_v29
500 _aIncluye referencias bibliográficas y notas al pie de las páginas
500 _aIncluye datos biográficos del autor en las solapas
590 _aInventariado, 2023/BT
830 0 _aBanco Central de la República Dominicana
_n65
_931570
830 0 _aCiencias sociales ;
_n29
_972692
942 _2ddc
_cIFDO
999 _c44187
_d44187